Les joueurs français qui jouent ou qui ont évolué en Italie - Statistiques

Statistiques générales
  • Ce quiz a été pris 50 fois
  • Le résultat moyen est 15 sur 42
Statistiques - réponses
Hint Réponse % Correct
JUVENTUS (1982-1987) Milieu de terrain et champion d'Europe en 1984 avec la France Michel Platini
91%
JUVENTUS (1996-2000) Milieu offensif et Champion du Monde 1998 avec la France Zinédine Zidane
88%
PARME (1996-2001) JUVENTUS (2001-2006) Défenseur et Champion du Monde 1998 avec la France Lilian Thuram
84%
JUVENTUS (1994-1999) Milieu défensif et Champion du Monde 1998 avec la France Didier Deschamps
81%
AC MILAN (1993-1998) Défenseur et Champion du Monde 1998 avec la France Marcel Desailly
81%
JUVENTUS (2012-2016 & 2022-?) Milieu de terrain et Champion du Monde 2018 avec la France Paul Pogba
79%
SSC NAPLES (1991-1992) & Inter Milan (1999-2001), Défenseur ou Milieu de terrain et surtout Champion du monde 1998 avec la France Laurent Blanc
74%
JUVENTUS (1999) Attaquant / Ailier gauche et Champion du monde 1998 avec la France Thierry Henry
70%
JUVENTUS (2017-2020) Milieu de terrain et Champion du Monde 2018 avec la France Blaise Matuidi
67%
AC MILAN (1995-1996), JUVENTUS (2005-2006) & Inter Milan (2006-2010) Milieu défensif et Champion du Monde 1998 avec la France Patrick Vieira
63%
Inter Milan (1996-1999), Milieu offensif / Attaquant et Champion du monde 1998 avec la France Youri Djorkaeff
56%
JUVENTUS (2019-?) Milieu relayeur Adrien Rabiot
47%
Inter Milan (2023-?), Défenseur central / Latéral droit et Champion du monde 2018 avec la France Benjamin Pavard
47%
AC Milan (2021-2024), Avant-centre, Champion du monde 2018 et Meilleur buteur de sa sélection. Olivier Giroud
42%
Inter Milan (2023-?), Attaquant /Avant-centre et Finaliste à la Coupe du Monde 2022 au Qatar Marcus Thuram
40%
AS ROMA (2018-2021), Milieu de terrain et Champion du monde 2018 avec la France Steven Nzonzi
37%
AS ROMA (1997-2005) Défenseur et Champion du Monde 1998 avec la France Vincent Candela
37%
AS ROMA (2003-2006), Inter Milan (2006-2009), Milieu défensif reconverti en tant que consultant chez Canal+ Olivier Dacourt
30%
AC Milan (2019-?), Latéral gauche et Finaliste à la Coupe du Monde 2022 au Qatar Théo Hernandez
30%
1994-1997 SSC Naples 63 1997-1998 UC Sampdoria 1998-2002 Parme FC, Milieu relayeur et Champion du monde 1998 avec la France Alain Boghossian
28%
AS ROMA (2008-2011), AC MILAN (2014-2016) et Avant-centre / Ailier / Milieu offensif. Je suis de la génération 87 avec Ben Arfa et Benzema entre-autre. Jérémy Ménez
28%
AS ROMA (2015-2016), Défenseur de préférence à gauche et Finaliste du Championnat d'Europe en 2016 et vainqueur de la Ligue des nations en 2021. Lucas Digne
28%
1998-2001 Inter Milan 1999-2000 Hellas Vérone 2001-2005 Parme FC 2005-2011 ACF Fiorentina 2011-2013 Genoa CFC, Gardien de but Sébastien Frey
28%
SS LAZIO (2023-?), Milieu de terrain, et Finaliste à la Coupe du Monde 2022 au Qatar Mattéo Guendouzi
26%
AS ROMA (2004-2011), AC MILAN (2011-2016), Défenseur central Philippe Mexès
26%
1997-2001 Inter Milan 2001-2002 Torino Calcio 2002-2003 Côme Calcio, Milieu de terrain et indice : il porte le même nom de famille qu'un célèbre animateur de radio des débuts des années 2000 mais ils ne sont pas de la même famille. Benoît Cauet
23%
JUVENTUS 2014-2017, Ailier droit de préférence Kingsley Coman
23%
JUVENTUS (2013) Attaquant et Champion d'Europe en 2000 avec la France Nicolas Anelka
23%
ACF Fiorentina (2017-2019) AS ROMA (2019-2022), Milieu de terrain et Finaliste à la Coupe du Monde 2022 au Qatar Jordan Veretout
21%
SSC NAPLES (2018-2022) & Fiorentina (2021), Arrière droit Kévin Malcuit
19%
SSC NAPLES (2022-2023), Milieu de terrain Tanguy Ndombele
16%
JUVENTUS (2006-2008), Défenseur et Finaliste à la Coupe du Monde en 2006 Jean-Alain Boumsong
14%
AC Milan (2018-2019), SSC NAPLES (2020-2021), AC Milan (2021-2023) et Milieu défensif Tiemoué Bakayoko
9%
SSC NAPLES (2013-2014), Arrière droit Anthony Réveillère
7%
SS LAZIO (2012-2013), Attaquant Axial Djibril Cissé
5%
AS ROMA (2007-2008), Attaquant et Milieu de terrain Ludovic Giuly
5%
AS ROMA (2017-2019), Milieu défensif Maxime Gonalons
5%
AS ROMA (2017), Milieu offensif, Milieu relayeur Clément Grenier
2%
Inter Milan (1998-1999), Défenseur de préférence à gauche Mikaël Silvestre
2%
Inter Milan (2003-2004) Défenseur central Jérémie Bréchet
0%
PARME (1997-1999) & SSC NAPLES (1997), Milieu offensif Reynald Pedros
0%
INTER MILAN (2014-2015), Milieu défensif Yann M'Vila
0%
Aucun quiz correspondant
Distribution des résultats
% des personnes avec chaque résultat
Percentile par nombre de réponses
Votre historique - résultats
Vous n’avez pas pris ce quiz